000 00811nam a2200289Ia 4500
001 6054
005 20240113233900.0
007 ta
008 050624s 197 a g b000 u eng u
040 _aCotton College,Assam
041 _aeng
082 _a813.1
_bPe 41 Th
100 _aPerkins, George .
245 0 _aThe Theory of the American Novel /
_cGeorge Perkins.
_hTextual Documents
250 _a1st ed. /
260 _aNew York :
_bHolt, Rinehart & Winston ,
_cC 1970.
300 _axliii, 475p. :
_bill ;
_c22cm .
504 _aIndex
653 _aEnglish novel-Criticism
653 _aAmerican novel-Criticism
653 _aEnglish fiction-Criticism
653 _aAmerican fiction-Criticism
653 _aPG-English
942 _2ddc
_cBK
999 _c6041
_d6041